000 00765nam a2200241Ia 4500
003 GCL
008 140319s9999 xx 000 0 ara d
020 _a3568232977
040 _aGCL /
_cGCL
082 0 4 _a370.15
_bح ب
100 1 _aحجاج غانم
245 1 0 _aبحوث معاصرة فى القياس النفسى وعلم النفس التربوى /
_cحجاج غانم
250 _aالاولى
260 _aالقاهرة :
_bعالم الكتب ،
_c2007
300 _a250 ص ؛
_c24 سم
650 0 4 _aعلم النفس التربوى
650 0 4 _aالمعرفة
650 0 4 _aالادراك
650 0 4 _aالفروق الفردية فى التعليم
650 0 4 _aالتخيل
650 0 4 _aالانا والذات
942 _2ddc
_cBK
999 _c9723
_d9723